Normal view
MARC view
Entry Personal Name
001 - CONTROL NUMBER
- control field: 23451
003 - CONTROL NUMBER IDENTIFIER
- control field: OSt
005 - DATE AND TIME OF LATEST TRANSACTION
- control field: 20230524201330.0
008 - FIXED-LENGTH DATA ELEMENTS
- fixed length control field: 230524|| aca||aabn | a|a d
040 ## - CATALOGING SOURCE
- Original cataloging agency: OSt
- Transcribing agency: OSt
100 ## - HEADING--PERSONAL NAME
- Personal name: " Kumud Sarin , Swapna K.Srivastava,,,"
670 ## - SOURCE DATA FOUND
- Source citation: Work cat.: (OSt)35027: Puneet Mehrotra 23450, The New Hand Book of Bioinformatics, 2005
